000 00249nam a2200109Ia 4500
008 190216s9999||||xx |||||||||||||| ||und||
100 _aBarness
245 0 _aChess Problems
260 _bElliot Right Way Books
650 _aReferences
942 _cREF
999 _c35582
_d35582